Statistics for How many pieces (Chopin)?

Click here to take the quiz!

General Stats

  • This quiz has been taken 107 times
  • The average score is 11 of 15

Answer Stats

Piece typeNumber% Correct
Ballade4
99%
Impromptus4
94%
Piano concertos2
88%
Etudes27
87%
Sonata4
84%
Scherzo4
80%
Chamber works3
78%
Nocturnes21
74%
Preludes27
71%
Polonaises17
65%
Waltzes20
65%
Rondos5
65%
Exossaise3
62%
Mazurkas59
54%
Songs20
49%

Score Distribution

Percentile by Number Answered

Percent of People with Each Score

Your Score History

You have not taken this quiz